01064nam a22002175i 4500001000700000003000900007005001700016008004100033080002700074100004700101245015900148260007300307300002100380500010100401530003500502546003400537610005400571710004000625852009400665856008700759168042ES-MaACL20250920063109.0991015s1842 sp |||| | spa d a378.4(460.235 B.)(073)1 aYáñez y Girona, Agustín, d1789-185710aDe necessario scientiarum omnium foedere oratio quam in solemni Studiorum Academiae Barcinonensis inauguratione protulit / cAugustinus Yañez et Girona. aBarcinone : b[s.n.], c1842 (fTypis Antonii Bergnés et Sociorum) a46 p. ; c23 cm. aIncluye (p. 21-46) programas de diferentes asignaturas de la Universidad Literaria de Barcelona. aDisponible en formato digital. aTexto en latín y español.24aUniversidad de Barcelona-vProgramas de estudios.2 aUniversidad Literaria de Barcelona.4 aES-MaACLjT-18-F-4 z- Enc. hol., falto de cub. original z- Enc. en un vol. facticio4 uhttp://hdl.handle.net/2445/3262 zDipòsit Digital de la Universitat de Barcelona